000 00301nam a22001337a 4500
008 180925b xxu||||| |||| 00| 0 eng d
020 _a9780324007510
041 _aeng
080 _a338
100 _a52
101 _aMNG
245 _aThe Management of Business Logistics
_cCoyle
942 _2udc
_cBK
999 _c48420
_d48420